Giáo trình lịch sử tư tưởng phương Đông và Việt Nam

Gespeichert in:
Bibliographische Detailangaben
1. Verfasser: Lê Văn Anh
Weitere Verfasser: Phạm Hồng Việt
Format: Buch
Veröffentlicht: H. Giáo dục 2001
Schlagworte:
Tags: Tag hinzufügen
Keine Tags, Fügen Sie den ersten Tag hinzu!
Thư viện lưu trữ: Trung tâm Học liệu Lê Vũ Hùng, Trường Đại học Đồng Tháp
LEADER 00890pam a22002298a 4500
001 00022785
005 20171026081025.0
008 110602s2001 ||||||Viesd
041 0 # |a Vie 
082 1 4 |a 181.009  |b GI108TR 
100 0 # |a Lê Văn Anh 
245 0 0 |a Giáo trình lịch sử tư tưởng phương Đông và Việt Nam  |c Lê Văn Anh; Phạm Hồng Việt 
260 # # |a H.  |b Giáo dục  |c 2001 
300 # # |a 162 tr.  |c 20 cm. 
500 # # |a Bộ giáo dục và đào tạo - Đại học Huế - Trung tâm đào tạo từ xa đại học Huế 
650 # 4 |a Lịch sử 
653 # # |a Tư tưởng Phương Đông 
700 0 # |a Phạm Hồng Việt 
852 # # |b Kho đọc  |j KD.0009845 
852 # # |j KD.0009845 
910 0 # |a Hoa Lê  |d 02/06/2011 
980 # # |a Trung tâm Học liệu Lê Vũ Hùng, Trường Đại học Đồng Tháp